| 000 | 01010nam a2200301Ia 4500 | ||
|---|---|---|---|
| 001 | Para_5651 | ||
| 003 | CHAP | ||
| 008 | 220125s1978 xx 000 0 und d | ||
| 010 | _a203631 | ||
| 040 | _cCHAP | ||
| 090 | _aPA TESIS 3 | ||
| 100 |
_aAguilera Ramos, Isaías _9169510 |
||
| 245 |
_aBúsqueda de fuentes de resistencia al chahuistle del frijol Uromyces phaseoli var. Typica Arth. en la región del Bajío del Estado de Guanajuato / _c por Isaías Aguilera Ramos |
||
| 260 |
_aUruapan, Mich. : _b el autor |
||
| 300 | _a81 h. | ||
| 502 | _aTesis (Ing. Agr. Esp. en Parasitología Agrícola). UMSNH (Mich.) | ||
| 650 |
_aFrijol _x enfermedades _943367 |
||
| 650 |
_aFrijol _x variedades resistentes a enfermedades _943447 |
||
| 650 |
_aRoya del frijol _9100386 |
||
| 710 |
_aUMSNH (Mich.) _9169511 |
||
| 901 | _aPA TESIS 3 | ||
| 902 | _aA | ||
| 905 | _a0000001978 i 0000000000 00 | ||
| 910 | _a1978 | ||
| 942 | _cPARA | ||
| 942 |
_cPARA _d1 |
||
| 999 |
_c203631 _d203631 |
||